00964nab a2200253 uc450000100070000000500170000700800410002403500110006503500210007604000130009704100080011010000370011824500490015565000390020465000420024365000310028565000320031665000270034865000560037565000370043177302130046894200100068199900190069169987520240705091656.0011017e19290501 spa  a699875 a(OCoLC)819919548 ccomduadb aspa10aManjon, Andres4auteaut948212913aLa escuela manjoniana : nuestra especialidad 7aEducación de niños2lemb94711 7aEducación al aire libre2lemb94409 0aPedagogía activa9173254 aPedagogía infantil950452 7aEscuela activa293980 7aEducaciónxMétodos experimentales2armarc92829 aEducacion de niños pobres93660 tEducación Pública Antioqueña (Medellín)gEducacion Publica Antioquena (Medellin) No. 69-85, 87, Feb-1928 - Dic. 1930, No. 81-82, May.-Jun. 1929/Educacion Publica Antioquena, p. 871-872w6860010204456 cARIMP c213972d213972